Sports Quiz

Random Sports or MLB Quiz
Score 0/58 Timer 05:00
6 Plays Today
League Team % Correct
NFLNew York Jets
76.1%
NHLWinnipeg Jets
72.6%
NFLTampa Bay Buccaneers
70.8%
NFLDetroit Lions
69.1%
NFLCarolina Panthers
68.9%
NHLFlorida Panthers
67.6%
MLBOakland Athletics
67.2%
NFLJacksonville Jaguars
66.2%
NBALos Angeles Clippers
66.2%
NFLArizona Cardinals
64%
NBASacramento Kings
62.9%
NHLLos Angeles Kings
61.8%
NFLHouston Texans
61%
NFLBuffalo Bills
60.4%
NFLCincinnati Bengals
60.3%
MLBNew York Mets
59.9%
NFLLos Angeles Chargers
58.6%
NFLTennessee Titans
58.2%
MLBTexas Rangers
57.6%
NBACharlotte Hornets
57.3%
MLBTampa Bay Rays
56.5%
NFLNew Orleans Saints
55.8%
NBABrooklyn Nets
55.7%
MLBHouston Astros
55.7%
MLBMiami Marlins
55.4%
MLBPhiladelphia Phillies
53.8%
NFLAtlanta Falcons
52.6%
MLBSeattle Mariners
51.8%
NFLPhiladelphia Eagles
51.2%
League Team % Correct
MLBSan Diego Padres
51%
NBANew York Knicks
49.7%
NBAMinnesota Timberwolves
49.7%
MLBBaltimore Orioles
49.7%
MLBKansas City Royals
49.3%
NBANew Orleans Pelicans
49.3%
MLBToronto Blue Jays
49.1%
NBAOrlando Magic
49%
MLBMinnesota Twins
48.7%
MLBColorado Rockies
48.5%
MLBWashington Nationals
48.3%
NBAAtlanta Hawks
48%
NBAGolden State Warriors
48%
NBACleveland Cavaliers
47%
MLBMilwaukee Brewers
46.9%
MLBArizona Diamondbacks
46.7%
NBAMemphis Grizzlies
46%
MLBLos Angeles Angels
45.8%
NBAToronto Raptors
43.9%
NBAWashington Wizards
42.4%
NBADetroit Pistons
40.8%
NBADenver Nuggets
39.2%
NHLColumbus Blue Jackets
37.1%
NHLVancouver Canucks
34.9%
NHLArizona Coyotes
34.9%
NHLTampa Bay Lightning
31.7%
NHLCarolina Hurricanes
30.7%
NHLNew Jersey Devils
25.9%
NBADallas Mavericks
2%

You're not logged in!

Compare scores with friends on all Sporcle quizzes.
OR
Log In

Sporcle TV

Today on Sporcle TV


Watch our educational content, quiz creation guides, and fun videos on Sporcle TV.

Show Comments

Extras

Top Quizzes Today


Score Distribution

Paid Content

Your Account Isn't Verified!

In order to create a playlist on Sporcle, you need to verify the email address you used during registration. Go to your Sporcle Settings to finish the process.

Report this User

Report this user for behavior that violates our Community Guidelines.

Details: